000 00302 a2200145 4500
001 69783
082 _a155.2 CFT
090 _c38701
_d38701
100 _aCFT
245 _aCBL-IV
260 _aMasoor
_bPAF Press Masoor
_c2005
300 _a53p.
500 _aCFT Precise
520 _aCFT Precise
942 _aNUST CAE
_k155.2 CFT
999 _c304856
_d304856